[Event "Spakenburg FishPartners op"]
[Site "Spakenburg"]
[Date "2023.07.08"]
[Round "2"]
[White "Van de Groep, Sjaak"]
[Black "Blees, Albert"]
[Result "0-1"]
[WhiteElo "1911"]
[BlackElo "2319"]
[PlyCount "65"]
[EventDate "2023.07.08"]
[EventType "swiss (rapid)"]
[EventRounds "7"]
[EventCountry "NED"]
[SourceTitle "CBM 215 Extra"]
[Source "ChessBase"]
[SourceDate "2023.09.30"]
[SourceVersion "1"]
[SourceVersionDate "2023.09.30"]
[SourceQuality "1"]

1. d4 Nf6 2. Nf3 d5 3. g3 Bf5 4. Bg2 e6 5. 0-0 h6 6. b3 Bd6 7. Bb2 0-0 8. Nbd2 Nbd7 9. Re1 a5 10. c4 c6 11. Nh4 Bh7 12. e4 Bb4 13. exd5 cxd5 14. a3 Bxd2 15. Qxd2 a4 16. cxd5 exd5 17. b4 Nb6 18. Bf1 Rc8 19. Rac1 Qd7 20. Rxc8 Rxc8 21. Rc1 Nc4 22. Bxc4 dxc4 23. Bc3 g5 24. Nf3 Be4 25. Nxg5 Bd5 26. f3 Qf5 27. Ne4 Nxe4 28. fxe4 Qxe4 29. Rc2 Qh1+ 30. Kf2 Qg2+ 31. Ke1 Re8+ 32. Kd1 Qf1+ 33. Qe1 0-1

[Event "Amsterdam Science Park op-B 3rd"]
[Site "Amsterdam"]
[Date "2013.07.12"]
[Round "7"]
[White "Bravo, Fabio"]
[Black "Van de Groep, Sjaak"]
[Result "1-0"]
[WhiteElo "2013"]
[BlackElo "1919"]
[PlyCount "71"]
[EventDate "2013.07.06"]
[EventType "swiss"]
[EventRounds "9"]
[EventCountry "NED"]
[SourceTitle "CBM 155 Extra"]
[Source "ChessBase"]
[SourceDate "2013.08.26"]
[SourceVersion "1"]
[SourceVersionDate "2013.08.26"]
[SourceQuality "1"]

1. e4 c5 2. Nf3 d6 3. Nc3 a6 4. d4 cxd4 5. Nxd4 Nf6 6. Be3 Ng4 7. Bc1 Nc6 8. Nxc6 bxc6 9. Bc4 Qa5 10. Bb3 Bd7 11. h3 Nf6 12. 0-0 e6 13. Bd2 Qh5 14. Qe1 Be7 15. Qe3 0-0 16. Na4 Rab8 17. f4 d5 18. g4 d4 19. Qf3 Qb5 20. c4 dxc3 21. Nxc3 Qb6+ 22. Kh2 c5 23. g5 Ne8 24. Rae1 Nd6 25. Qh5 c4 26. Bd1 Qxb2 27. Rf2 Qb6 28. Be3 Qa5 29. Bd2 Qc5 30. Rg2 Bc6 31. Be3 Qa5 32. Bd4 Nb5 33. Nxb5 Qxe1 34. Qh6 f6 35. gxf6 Bxf6 36. Rxg7+ 1-0

[Event "Soest op"]
[Site "Soest"]
[Date "2001.05.27"]
[Round "6.24"]
[White "Van de Groep, Sjaak"]
[Black "Van Lingen, Guus"]
[Result "1-0"]
[WhiteElo "1812"]
[BlackElo "1634"]
[PlyCount "42"]
[EventDate "2001.05.25"]
[EventType "swiss"]
[EventRounds "7"]
[EventCountry "NED"]
[SourceTitle "EXT 2002"]
[Source "ChessBase"]
[SourceDate "2001.11.25"]
[SourceVersion "1"]
[SourceVersionDate "2001.11.25"]
[SourceQuality "1"]

1. e4 e5 2. Nf3 Nf6 3. Nxe5 d6 4. Nf3 Nxe4 5. d4 d5 6. Bd3 Bg4 7. c4 Nf6 8. Qa4+ Qd7 9. Qb3 Bxf3 10. Qxb7 dxc4 11. Qxf3 c6 12. Bxc4 Qxd4 13. Qb3 Qd7 14. Bf4 Qe7+ 15. Kd1 Qd8+ 16. Nd2 Nd5 17. Re1+ Be7 18. Bxd5 cxd5 19. Qb7 Nd7 20. Bd6 Rb8 21. Qxa7 Ne5 1-0

[Event "Soest op"]
[Site "Soest"]
[Date "2001.05.26"]
[Round "4.19"]
[White "Van de Groep, Sjaak"]
[Black "Van Eijndhoven, Erik"]
[Result "0-1"]
[WhiteElo "1812"]
[BlackElo "2061"]
[PlyCount "76"]
[EventDate "2001.05.25"]
[EventType "swiss"]
[EventRounds "7"]
[EventCountry "NED"]
[SourceTitle "EXT 2002"]
[Source "ChessBase"]
[SourceDate "2001.11.25"]
[SourceVersion "1"]
[SourceVersionDate "2001.11.25"]
[SourceQuality "1"]

1. e4 e6 2. d4 d5 3. Nc3 dxe4 4. Nxe4 Nf6 5. Bg5 Be7 6. Bxf6 gxf6 7. Nf3 b6 8. Bd3 Bb7 9. c3 Nc6 10. Qe2 Qd7 11. 0-0-0 0-0-0 12. Rhe1 Qd5 13. Kb1 Qa5 14. Nfd2 f5 15. Ng3 Qd5 16. Nf3 Qd7 17. Bb5 Bf6 18. Nh5 Qe7 19. d5 Nb8 20. dxe6 Be4+ 21. Bd3 Rxd3 22. Rxd3 Rd8 23. Red1 Qxe6 24. Nf4 Rxd3 25. Nxd3 Qc4 26. Ka1 Nc6 27. Nf4 Qa4 28. Nh5 Na5 29. Nd2 Bc2 30. Re1 Bd8 31. Qe8 Qh4 32. Qxf7 Qxf2 33. Qe6+ Kb8 34. Qe2 Qc5 35. Nf4 Bf6 36. Ne6 Qxc3 37. Rb1 Qa3 38. Nc4 Nb3# 0-1